00780 2200289 4500001002100000005001500021035002000036007000300056008004100059020002200100082001000122084001600132100003300148245008700181250001000268260004000278300002900318650003200347700001500379520003000394990001100424990001100435990001100446990001100457990001100468990001100479INLIS00000000000317420190220102733 a0010-0219000116ta190220 g 0 ind  a978-602-1285-59-6 a070.5 a070.5 AGU p0 aAGUS, Wasisto Dwi Doso Warso1 aPublikasi Ilmiah Non Penelitian /cAgus Wasisto Dwi Doso Warso; editor, Istinganah acet.1 aYogyakarta :bGraha Cendekia,c2017 a235 hlm :bilus ;c20 cm aJURNALISME.PUBLIKASI ILMIAH0 aISTINGANAH aBibliografi: hlm. 232-235 a6512 a a6512 b a6512 b a6512 a a6512 a a6512 b